Useful Decorative Plants / (Record no. 168159)
[ view plain ]
| 000 -LEADER | |
|---|---|
| fixed length control field | 00570nam a22001817a 4500 |
| 005 - DATE AND TIME OF LATEST TRANSACTION | |
| control field | 20190927125259.0 |
| 010 ## - LCCN (DPL NO) | |
| LC control number | ENG-126575 |
| 020 ## - INTERNATIONAL STANDARD BOOK NUMBER | |
| Terms of availability | 995.00 |
| International Standard Book Number | 9788178441450 |
| 035 ## - SYSTEM CONTROL NUMBER | |
| System control number | EN-110107 |
| 037 ## - SOURCE OF ACQUISITION | |
| Source of stock number/acquisition | DBAD/PUB |
| 082 ## - DEWEY DECIMAL CLASSIFICATION NUMBER | |
| Classification number | 635.9 |
| 100 ## - MAIN ENTRY--PERSONAL NAME | |
| Personal name | Hegde , P. D |
| 245 ## - TITLE STATEMENT | |
| Title | Useful Decorative Plants / |
| Statement of responsibility, etc | By P. D. Hegde |
| 260 ## - PUBLICATION, DISTRIBUTION, ETC. (IMPRINT) | |
| Place of publication, distribution, etc | New Delhi |
| Name of publisher, distributor, etc | K.K. Publications |
| Date of publication, distribution, etc | 2018 |
| 270 ## - ADDRESS | |
| City | New Delhi |
| Address | 4806/24 , Bharat Ram , Daryaganj |
| Postal code | 110002 |
| Telephone number | 011-47340207 , 23285167 |
| Electronic mail address | kkdevinder@vsnl.net |
| 300 ## - PHYSICAL DESCRIPTION | |
| Extent | 256p. |
| Dimensions | 23cm,(hbk) |
| 942 ## - ADDED ENTRY ELEMENTS (KOHA) | |
| Source of classification or shelving scheme | Dewey Decimal Classification |
| Item type | English Books |
| Classification part | 635.9 |
| Call number suffix | HEG |
| Withdrawn status | Lost status | Not for loan | Collection code | Home library | Current library | Date acquired | Source of acquisition | Cost, normal purchase price | Full call number | Barcode | Copy number | Cost, replacement price | Koha item type |
|---|---|---|---|---|---|---|---|---|---|---|---|---|---|
| Fiction | Sarojini Nagar | Sarojini Nagar | 27/09/2019 | DBAD/PUB | 995.00 | 635.9 HEG | EN-110107 | 1 | 995.00 | English Books |
